আহার বাহার ১ম - ২য় খণ্ড / (Record no. 13755)
[ view plain ]
| 000 -LEADER | |
|---|---|
| fixed length control field | 00706nam a2200229 a 4500 |
| 001 - CONTROL NUMBER | |
| JCCL Control Number | 13755 |
| 003 - CONTROL NUMBER IDENTIFIER | |
| JCCL marc code | BD-JhCC |
| 005 - DATE AND TIME OF LATEST TRANSACTION | |
| control field | 20240321110439.0 |
| 008 - FIXED-LENGTH DATA ELEMENTS--GENERAL INFORMATION | |
| fixed length control field | 240321b2019 bg a|||| ||a| 000 0 Ben d |
| 020 ## - INTERNATIONAL STANDARD BOOK NUMBER | |
| International Standard Book Number | 9847012008003 |
| 035 ## - SYSTEM CONTROL NUMBER | |
| system control number | (BD-JhCC)13755 |
| 040 ## - CATALOGING SOURCE | |
| Original cataloging agency | BD-JhCC |
| Modifying agency | BD-JhCC |
| 041 ## - LANGUAGE CODE | |
| Language code of Book | Bengali |
| 082 ## - DEWEY DECIMAL CLASSIFICATION NUMBER | |
| Classification number | 647 |
| Author mark and Year | ROS 2019 |
| 100 ## - MAIN ENTRY--PERSONAL NAME | |
| Personal name | রুশনী, রওশন আরা |
| 245 ## - TITLE STATEMENT | |
| Title | আহার বাহার ১ম - ২য় খণ্ড / |
| Statement of responsibility, etc | রওশন আরা রুশনী। |
| 260 ## - PUBLICATION, DISTRIBUTION, ETC. (IMPRINT) | |
| Place of publication, distribution, etc | ঢাকা: |
| Name of publisher, distributor, etc | কথা প্রকাশ; |
| Date of publication, distribution, etc | 2019. |
| 300 ## - PHYSICAL DESCRIPTION | |
| Pagination | 240 p. : |
| Other physical details | ill; |
| Dimensions | 26 cm |
| 650 ## - SUBJECT ADDED ENTRY--TOPICAL TERM | |
| Topical term or geographic name as entry element | Nutrition |
| Form subdivision | Study and teaching |
| General subdivision | Cooking |
| 942 ## - ADDED ENTRY ELEMENTS (KOHA) | |
| Source of classification or shelving scheme | Dewey Decimal Classification |
| Koha item type | Books |
| Source of classification or shelving scheme | volume number | Damaged status | Not for loan | Home library | Current library | Shelving location | Date of accession | Cost, normal purchase price | Total Checkouts | Full call number | Barcode | Date last seen | Date checked out | Copy number | Method of acquisition | Koha item type | Currency |
|---|---|---|---|---|---|---|---|---|---|---|---|---|---|---|---|---|---|
| Dewey Decimal Classification | V-1 | JCC Rouf Library | JCC Rouf Library | General Stacks | 750.00 | 1 | 647 ROS 2019 | 18874 | 11/13/2024 | 10/27/2024 | C-1 | Purchase | Books | BDT | |||
| Dewey Decimal Classification | V-1 | JCC Rouf Library | JCC Rouf Library | General Stacks | 750.00 | 647 ROS 2019 | 18873 | 03/21/2024 | C-2 | Purchase | Books | BDT | |||||
| Dewey Decimal Classification | V-2 | JCC Rouf Library | JCC Rouf Library | General Stacks | 750.00 | 647 ROS 2019 | 18875 | 03/21/2024 | C-1 | Purchase | Books | BDT | |||||
| Dewey Decimal Classification | V-2 | JCC Rouf Library | JCC Rouf Library | General Stacks | 750.00 | 1 | 647 ROS 2019 | 18876 | 08/24/2025 | 08/14/2025 | C-2 | Purchase | Books | BDT |